Państwa z Egzotyki Quebonafide - Statystyki

Ogólne statystyki
  • Ten quiz został rozwiązany 22 razy
  • Średni wynik to 11 z 14
Statystyki odpowiedzi
Wykonawcy Odpowiedź % Poprawnych
Quebonafide, Czesław Mozil Indie
94%
Quebonafide, Young Lungs Japonia
94%
Quebonafide, DJ Ike Brazylia
88%
Quebonafide, DJ Flip Polska
88%
Quebonafide, KRS-One, The Returnets USA
88%
Quebonafide Islandia
82%
Quebonafide Australia
76%
Quebonafide Meksyk
76%
Quebonafide, Ifani RPA
76%
Quebonafide Francja
65%
Quebonafide Madagaskar
65%
Quebonafide, Solar, Wac Toja Maroko
59%
Quebonafide Tajlandia
59%
Quebonafide Zea
53%
Nie znaleziono quizów pasujących do podanych kryteriów
Rozkład punktacji
Procent ludzi z każdym wynikiem
Percentyl według liczby udzielonych odpowiedzi
Twoja historia wyników
Nie rozwiązałeś tego quizu